The photographer's eye : (Record no. 10140)

MARC details
000 -LEADER
fixed length control field 00570cam a2200205 4500
001 - CONTROL NUMBER
control field 5702
005 - DATE AND TIME OF LATEST TRANSACTION
control field 20250306151848.0
008 - FIXED-LENGTH DATA ELEMENTS--GENERAL INFORMATION
fixed length control field 930730s1993 ii b 001 0 eng
010 ## - LIBRARY OF CONGRESS CONTROL NUMBER
LC control number 93904716
020 ## - INTERNATIONAL STANDARD BOOK NUMBER
International Standard Book Number 9781781574553
043 ## - GEOGRAPHIC AREA CODE
Geographic area code a-ii---
082 ## - DEWEY DECIMAL CLASSIFICATION NUMBER
Classification number 770.1 FRE c1
100 1# - MAIN ENTRY--PERSONAL NAME
Personal name Freeman, Michael.
245 10 - TITLE STATEMENT
Title The photographer's eye :
Remainder of title composition and design for better digital photos.
260 ## - PUBLICATION, DISTRIBUTION, ETC.
Place of publication, distribution, etc. London :
Name of publisher, distributor, etc. Octopus Publishing Group,
Date of publication, distribution, etc. 2007.
300 ## - PHYSICAL DESCRIPTION
Extent 192 p. :
Other physical details ill. ;
Dimensions 24 cm.
651 #0 - SUBJECT ADDED ENTRY--GEOGRAPHIC NAME
Geographic name Bhutan
942 ## - ADDED ENTRY ELEMENTS (KOHA)
Source of classification or shelving scheme Dewey Decimal Classification
Koha item type Main
Holdings
Withdrawn status Lost status Source of classification or shelving scheme Damaged status Not for loan Collection code Home library Current library Shelving location Date acquired Inventory number Total Checkouts Full call number Barcode Checked out Date last seen Date last checked out Price effective from Koha item type
    Dewey Decimal Classification     Main TEST RTC Library RTC Library Main opac 06/03/2025 19146 1 770.1 FRE c1 30020309 06/07/2026 13/04/2026 13/04/2026 06/03/2025 Main
    Dewey Decimal Classification     Main TEST RTC Library RTC Library Main opac 06/03/2025 19147   770.1 FRE c1 30020310   06/03/2025   06/03/2025 Main
Royal Thimphu College || All Right Reserved